[Event "POL-ch U18"]
[Site "Jastrzebia Gora"]
[Date "2023.??.??"]
[Round "1"]
[White "Backiel, Hubert"]
[Black "Wesolek, Krzysztof"]
[Result "1-0"]
[WhiteElo "2127"]
[BlackElo "1765"]
[PlyCount "73"]
[EventDate "2023.03.11"]
[EventType "swiss"]
[EventRounds "9"]
[EventCountry "POL"]
[SourceTitle "CBM 213 Extra"]
[Source "ChessBase"]
[SourceDate "2023.05.31"]
[SourceVersion "1"]
[SourceVersionDate "2023.05.31"]
[SourceQuality "1"]

1. e4 e5 2. Nf3 Nc6 3. Bb5 a6 4. Ba4 Nf6 5. 0-0 Nxe4 6. d4 b5 7. Bb3 d5 8. dxe5 Be6 9. Be3 Bc5 10. Qe2 Na5 11. Rd1 Bxe3 12. Qxe3 c5 13. c3 Nxb3 14. axb3 Qb6 15. Ne1 h6 16. Nd3 Rc8 17. b4 Qc6 18. bxc5 Nxc5 19. Nxc5 Qxc5 20. Qxc5 Rxc5 21. Rxa6 Kd7 22. Na3 Rb8 23. Nc2 Rb7 24. Nb4 Ke7 25. f3 g6 26. Kf2 h5 27. Rd4 Rc4 28. Ke3 Rc5 29. Rd6 Rd7 30. Rb6 f6 31. exf6+ Kxf6 32. Nd3 Rc8 33. Rf4+ Ke7 34. Ne5 g5 35. Ng6+ Kd8 36. Rf8+ Kc7 37. Rxe6 1-0

[Event "POL-ch U16"]
[Site "Sypniewo"]
[Date "2022.03.23"]
[Round "5"]
[White "Paprocki, Antoni"]
[Black "Wesolek, Krzysztof"]
[Result "1-0"]
[WhiteElo "1831"]
[BlackElo "1651"]
[PlyCount "97"]
[EventDate "2022.03.19"]
[EventType "swiss"]
[EventRounds "9"]
[EventCountry "POL"]
[SourceTitle "CBM 207 Extra"]
[Source "ChessBase"]
[SourceDate "2022.05.31"]
[SourceVersion "1"]
[SourceVersionDate "2022.05.31"]
[SourceQuality "1"]

1. d4 Nf6 2. c4 e6 3. g3 d5 4. Bg2 Bb4+ 5. Nd2 0-0 6. Qc2 b6 7. Ngf3 Bb7 8. Ne5 a5 9. 0-0 Nbd7 10. Ndf3 Re8 11. c5 Nxe5 12. Nxe5 a4 13. a3 Ba5 14. Qxa4 bxc5 15. Qb5 Qc8 16. Qxc5 Bb6 17. Qb4 Nd7 18. Nxd7 Qxd7 19. Bf4 Ra4 20. Qb3 Ba6 21. Rfc1 Bxd4 22. Rxc7 Qb5 23. Qxb5 Bxb5 24. Rc2 Bc4 25. Bd6 Rea8 26. Rac1 h6 27. e3 Bf6 28. Rxc4 dxc4 29. Bxa8 Rxa8 30. Rxc4 Bxb2 31. Rc2 Bf6 32. Ra2 Bd8 33. Bb4 f6 34. a4 Kf7 35. Kf1 e5 36. e4 Ke6 37. Ke2 Bb6 38. a5 Bd8 39. Kd3 Kd7 40. Kc4 Kc6 41. Bf8 g6 42. a6 h5 43. Bc5 f5 44. a7 Kb7 45. Rb2+ Kc8 46. Kd5 Bc7 47. Kc6 fxe4 48. Rb7 Bd8 49. Bd6 1-0

[Event "POL-ch U15 Qual"]
[Site "Jastrzebia Gora"]
[Date "2021.11.21"]
[Round "9"]
[White "Wilk, Igor"]
[Black "Wesolek, Krzysztof"]
[Result "1/2-1/2"]
[WhiteElo "1712"]
[BlackElo "1570"]
[PlyCount "86"]
[EventDate "2021.11.15"]
[EventType "swiss"]
[EventRounds "9"]
[EventCountry "POL"]
[SourceTitle "EXT 2023"]
[Source "ChessBase"]
[SourceDate "2022.10.05"]
[SourceVersion "1"]
[SourceVersionDate "2022.10.05"]
[SourceQuality "1"]

1. e4 e6 2. d4 d5 3. Nc3 dxe4 4. Nxe4 Nd7 5. Nf3 Be7 6. Bd3 Ngf6 7. Nxf6+ Bxf6 8. 0-0 0-0 9. c3 c5 10. Be3 cxd4 11. Nxd4 Bxd4 12. Bxd4 e5 13. Be3 Nf6 14. Qc2 h6 15. Rad1 Qc7 16. Bf5 Re8 17. h3 b6 18. Bxc8 Raxc8 19. Rd2 Rcd8 20. Rfd1 Rxd2 21. Qxd2 Re7 22. Qd8+ Kh7 23. Kf1 Qc4+ 24. Qd3+ Qxd3+ 25. Rxd3 Kg6 26. Ke2 Kf5 27. Rd6 h5 28. Kd3 Ne8 29. Rd8 Ke6 30. g4 hxg4 31. hxg4 Nd6 32. a4 Rc7 33. b3 g6 34. Bc1 f5 35. Ba3 Rc6 36. gxf5+ gxf5 37. c4 a5 38. f3 e4+ 39. fxe4 Nxe4 40. Re8+ Kd7 41. Re7+ Kd8 42. Rf7 Nc5+ 43. Kc3 Ne4+ 1/2-1/2

[Event "POL-ch U15 Qual"]
[Site "Jastrzebia Gora"]
[Date "2021.11.17"]
[Round "4"]
[White "Choina, Jan"]
[Black "Wesolek, Krzysztof"]
[Result "0-1"]
[WhiteElo "1485"]
[BlackElo "1570"]
[PlyCount "86"]
[EventDate "2021.11.15"]
[EventType "swiss"]
[EventRounds "9"]
[EventCountry "POL"]
[SourceTitle "EXT 2023"]
[Source "ChessBase"]
[SourceDate "2022.10.05"]
[SourceVersion "1"]
[SourceVersionDate "2022.10.05"]
[SourceQuality "1"]

1. e4 e6 2. d4 d5 3. Nc3 Nf6 4. e5 Nfd7 5. Nf3 c5 6. Be3 Nc6 7. Be2 a6 8. 0-0 Qc7 9. Re1 Be7 10. h4 Kf8 11. Bf1 b5 12. Rc1 cxd4 13. Bxd4 Nxd4 14. Qxd4 Qb6 15. Qf4 Bb7 16. g4 h5 17. Ng5 Bxg5 18. hxg5 g6 19. Ne2 hxg4 20. Nd4 Kg7 21. Be2 Rh4 22. Kg2 Rah8 23. Rh1 Rxh1 24. Rxh1 Rxh1 25. Kxh1 Qc7 26. Qxg4 Qxe5 27. f3 Nf8 28. c3 Nh7 29. f4 Qe4+ 30. Kh2 e5 31. fxe5 Qxe5+ 32. Kh3 Nxg5+ 33. Kg2 Ne6 34. Bd3 Nf4+ 35. Kf3 Nxd3 36. Qd7 Qe4+ 37. Kg3 Qf4+ 38. Kg2 Qf2+ 39. Kh3 Qf1+ 40. Kh4 Qh1+ 41. Kg3 Qg1+ 42. Kh3 Nf4+ 43. Kh4 g5# 0-1

[Event "Mazowiec-chT op 1819"]
[Site "Warsaw"]
[Date "2019.02.17"]
[Round "7.13"]
[White "Wesolek, Krzysztof"]
[Black "Bojarski, Maksymilian"]
[Result "1-0"]
[WhiteElo "1334"]
[BlackElo "1139"]
[PlyCount "53"]
[EventDate "2018.12.02"]
[EventType "team-swiss"]
[EventRounds "10"]
[EventCountry "POL"]
[SourceTitle "EXT 2020"]
[Source "ChessBase"]
[SourceDate "2019.10.17"]
[SourceVersion "1"]
[SourceVersionDate "2019.10.17"]
[SourceQuality "1"]

1. c4 d5 2. e3 c6 3. Nc3 Nf6 4. Nf3 Bf5 5. d4 e6 6. Bd2 Be7 7. Qb3 Qd7 8. Rc1 0-0 9. Ne5 Qc8 10. cxd5 Nxd5 11. e4 Nxc3 12. exf5 Nd5 13. Bc4 Rd8 14. fxe6 fxe6 15. 0-0 Nd7 16. Rfe1 Bf6 17. Ng4 Bxd4 18. Rxe6 Nc5 19. Bxd5 Rxd5 20. Rxc5 Qxe6 21. Ra5 Bc5 22. Qg3 Rc8 23. h4 Bb4 24. Nh6+ Kf8 25. Qxg7+ Ke8 26. Nf5 a6 27. Ne3 1-0

[Event "Mazowiec-chT op 1718"]
[Site "Warsaw"]
[Date "2018.02.04"]
[Round "6.6"]
[White "Olszewski, Pawel1111"]
[Black "Wesolek, Krzysztof"]
[Result "1-0"]
[WhiteElo "1415"]
[BlackElo "1097"]
[PlyCount "31"]
[EventDate "2017.12.03"]
[EventType "team-swiss"]
[EventRounds "10"]
[EventCountry "POL"]
[SourceTitle "EXT 2020"]
[Source "ChessBase"]
[SourceDate "2019.10.17"]
[SourceVersion "1"]
[SourceVersionDate "2019.10.17"]
[SourceQuality "1"]

1. e4 d6 2. e5 Nc6 3. d4 Bf5 4. g4 Bg6 5. e6 Nf6 6. g5 Ne4 7. Bb5 Rb8 8. c4 a6 9. Bxc6+ bxc6 10. c5 fxe6 11. f3 Nxc5 12. dxc5 e5 13. Nc3 e6 14. Qe2 dxc5 15. Qxe5 Qe7 16. Nge2 1-0